Phoebe Bridgers Lyrics Quiz - Statistics

General Stats
  • This quiz has been taken 1,901 times
  • The average score is 15 of 25
Answer Stats
Lyric Song Title % Correct
I'm gonna kill youIf you don't beat me to it Kyoto
85%
Jesus Christ, I'm so blue all the timeAnd that's just how I feel Funeral
83%
A haunted house with a picket fenceTo float around and ghost my friends I Know The End
82%
Can the killer in meTame the fire in you? Killer
82%
There are no words in the English languageI could scream to drown you out Motion Sickness
82%
Said she knows she'll live through it to get to this moment Graceland Too
79%
But you're holding me like water in your hands Moon Song
78%
I hate living by the hospitalThe sirens go all night Halloween
76%
If you're a work of artI'm standing too close I can see the brush strokes ICU
72%
Swore I could feel you through the wallsBut that's impossible Chinese Satellite
71%
Do you feel ashamedWhen you hear my name? Scott Street
71%
A copycat killer with a chemical cut Punisher
70%
Want to make you fall in love as hard as my poor parent's teenage daughterShe'll be the best you ever had if you let her Waiting Room
70%
The doctor put her hands over my liverShe told me my resentment's getting smaller Garden Song
68%
And if I breathe youWill it kill me? Georgia
64%
I wanna be emaciatedI wanna hear one song without thinking of you Me and My Dog
63%
You are anonymous, I am a concrete wall Smoke Signals
54%
When there was no revolutionNothin' we were fightin' for Chelsea
44%
All the skeletons you hideShow me yours, and I'll show you mine Saviour Complex
44%
I've got a good feelingIt doesn't happen very often Demi Moore
42%
Next time I see you, you'll show meA hundred different ways to say the same things Would You Rather
38%
You're a brother to meYou're my partner in crime Steamroller
31%
Mesmerized by double linesTwo yellow tightropes Ketchum, ID
23%
I want there to stop the circular dotsSpinning in a world full of forget-me-nots Sleepwalkin’
14%
I want there to stop the circular dotsSpinning in a world full of forget-me-nots My City
2%
No matching quizzes found
Score Distribution
Percent of People with Each Score
Percentile by Number Answered
Your Score History
You have not taken this quiz